000 00305pab a2200121 454500
008 180718b xxu||||| |||| 00| 0 eng d
100 _aKrishnamoorthy B.
245 _aSaving Delhi from collapse
362 _a12 Jul.93, p.4
650 _aCity Planning -- India -- Delhi
773 _aPatriot
909 _a24694
999 _c24694
_d24694